00385nam a2200157Ia 450000500170000000800410001704100120005808200130007010000140008324500400009725000080013726000300014550000080017565000280018370000160021120240823022421.0240823s9999||||xx |||||||||||||| ||und|| aENGLISH A519.5 L8 aGupta S C 0aElements of Mathematical Statistics a3rd c1978b"S Chand,New Delhi" aYES aStatisticsbMathematics a Kapoor V K